Swedish cities - Sudden Death - Statistics

General Stats
  • This quiz has been taken 69 times
  • The average score is 7 of 10
Answers on the Grid
Answers color-coded by a green-red scale on the quiz's grid according to % correct below.
Malmö
Uppsala
Visby
Örebro
Umeå
Linköping
Luleå
Helsingborg
Karlstad
Kiruna
Trondheim
Ålesund
Lillestrøm
Akranes
Liège
Næstved
Utrecht
Rønne
Hull
Aberdeen
 
Answer Stats
Answer % Correct
Malmö
88%
Uppsala
85%
Linköping
82%
Örebro
78%
Helsingborg
75%
Umeå
75%
Luleå
68%
Visby
68%
Karlstad
63%
Kiruna
62%
No matching quizzes found
Score Distribution
Percent of People with Each Score
Percentile by Number Answered
Your Score History
You have not taken this quiz